Bakteriologická kultivační média - výrobek nebo služba?

Bibliographic Details
Main Author: Bazgerová, E. Eva (Author)
Corporate Authors: Diskusné fórum klinickej mikrobiológie (Author), Odborná konferencia (Author, SKM SLK), Dni klinickej mikrobiológie SSKM SLS (Author)
Format: Conference Proceeding Article
Language:Czech
PhysicalDescription:Tab.
ISSN:1335-8219
Subjects:

MARC

LEADER 00000nab a2200000 a 4500
001 vtls008874668
003 SK-MaSNL
005 20260303223759.0
008 141122c xo 0 cze
015 |a SNBCL2005/5 
035 |a SLK035096 
040 |a SLKCL  |b slo  |c SNKBUCL  |e AACR2 
041 1 |a cze 
044 |a xo  |c SK 
080 |a 579.84:061.3  |2 1981 
100 1 |a Bazgerová, E.  |q Eva  |u Trios, spol. s r.o., Olomouc  |4 aut  |9 1258743 
245 1 0 |a Bakteriologická kultivační média - výrobek nebo služba?  |c E. Bazgerová 
300 |b Tab. 
650 0 7 |a bakteriológia  |2 MESH  |9 67939 
650 0 7 |a médiá kultivačné  |2 MESH  |9 866539 
650 0 7 |a diagnostika (medicína)  |2 MESH  |9 28740 
650 0 7 |a ekonomika a organizácia zdravotníckej starostlivosti  |2 MESH  |9 840837 
650 0 7 |a laboratóriá nemocničné  |2 MESH  |9 845149 
650 0 7 |a abstrakty z kongresu  |2 MESH  |9 168204 
650 0 7 |a klasifikácia  |2 MESH  |9 3849 
711 1 |a Diskusné fórum klinickej mikrobiológie  |n 1.  |c Tatranská Lomnica  |d 2005  |4 aut  |9 1056304 
711 1 |a Odborná konferencia  |e SKM SLK  |n 6.  |c Tatranská Lomnica, Slovensko  |d 2005  |4 aut  |9 1056305 
711 1 |a Dni klinickej mikrobiológie SSKM SLS  |n (40. :  |d 2005 :  |c Tatranská Lomnica, Slovensko)  |4 aut  |9 103781 
773 0 |t Správy klinickej mikrobiológie  |g Roč. 5, č. SA/2005, s. 23-26  |x 1335-8219 
850 |a Slovenská lekárska knižnica v Bratislave  |a BA006 
852 |a BA006  |b KIS3GCP  |b 000500000 
999 |c 2249293  |d 2251223